000 00401nam a2200145Ia 4500
008 230917s9999||||xx |||||||||||||| ||und||
040 _e195477
_aMAIN
041 _aEnglish
082 _a647.94068 B327E
100 _aBaum, Thomas
245 0 _aEconomic and management methods for tourism and hospitality research
260 _aChichester
_bJohn Wiley
_c1999
300 _axii, 282 p.
942 _cBK
999 _c159804
_d159804